| 000 | 00000nam 2200000za 4500 |
| 001 | 9.536377 |
| 003 | CaOODSP |
| 005 | 20210615084331 |
| 007 | ta |
| 008 | 150406s2002||||xxc||||| f|0| 0 fre d |
| 020 | |a0-662-66311-X |
| 040 | |aCaOODSP|bfre |
| 041 | |aeng |
| 041 | |afre |
| 043 | |an-cn--- |
| 086 | 1 |aH13-6/2002-8 |
| 110 | 1 |aCanada.|bSanté Canada. |bDirection générale de la politique de la santé et des communications. |
| 245 | 13|aLa santé mentale / |cpar Elliot M. Goldner. |
| 260 | |aOttawa - Ontario : |bSanté Canada, |c2002. |
| 300 | |aTexte français, 30p. : |bgraphiques, références ; |c28 cm. |
| 490 | 1 |aSérie de rapports de synthèse |
| 563 | |aCouverture souple |
| 590 | |a02-38|b2002-09-20 |
| 691 | 07|aRégime de soins de santé|2gcpds |
| 691 | 07|aSanté mentale|2gcpds |
| 776 | 0#|tLa santé mentale / |w(CaOODSP)9.603185 |
| 776 | 0#|tMental health / |w(CaOODSP)9.572940 |
| 791 | |tMental health / |eeng|w(CaOODSP)9.536376 |
| 830 | #0|aSérie de rapports de synthèse.|w(CaOODSP)9.509389 |